Kraje najbliżej Tajwanu - Jedna Minuta Sprint - Statystyki

Ogólne statystyki
  • Ten quiz został rozwiązany 186 razy
  • Średni wynik to 13 z 20
Statystyki odpowiedzi
km kraj % Poprawnych
4 Chiny
97%
107 Japonia
93%
2033 Indonezja
86%
990 Korea Poludniowa
85%
1088 Wietnam
83%
1439 Korea Pólnocna
79%
1444 Laos
78%
1734 Tajlandia
75%
156 Filipiny
71%
1664 Malezja
70%
2069 Rosja
69%
2115 Indie
67%
1606 Kambodza
65%
2195 Mongolia
56%
1774 Mjanma
49%
2599 Bangladesz
42%
2628 Bhutan
38%
1977 Brunei
37%
2241 Mikronezja
17%
2116 Palau
15%
Nie znaleziono quizów pasujących do podanych kryteriów
Rozkład punktacji
Procent ludzi z każdym wynikiem
Percentyl według liczby udzielonych odpowiedzi
Twoja historia wyników
Nie rozwiązałeś tego quizu